000
00307nam a2200109Ia 4500
008
190216s9999||||xx |||||||||||||| ||und||
100
_a
Arthur I Vogel
245
0
_a
Elementary Practical Organic Chemistry Part Iii Quantitative Organic Analysis
260
_b
Cbs Publishers
650
_a
Chemistry
942
_c
BK
999
_c
2629
_d
2629